01341nam a22003137a 4500003000400000005001700004008004100021040002200062082001800084100003200102245004300134260004700177300001900224366000800243490001300251505008400264505016100348505001200509650004600521650005000567650004400617650004800661650004300709650005500752650004700807942002900854999001500883952012900898OSt20230503132736.0221006b |||||||| |||| 00| 0 eng d cBiblioteca Lado V a709.05bR643f 9825aRoberts, Jameseeditor aFrieze/bContemporary Art And Culture/ bDurian Publications Ltd.aInglaterrac2003 c23x30cma128p. eeng a76v2003 tColumnsaOpera Art Cultural politics Art Being there Radio Books Interview tFeaturesaPicture: Rossetti;s Wombat Talking stock Private lives The ugly truth Slices of life The right stuff Periodic tables Adaptation The vortex tReviews 2Tesauro de Arte & ArquitecturaaARTE9703 2Tesauro de Arte & ArquitecturaaEXPOSICIONES  2Tesauro de Arte & ArquitecturaaCULTURA 2Tesauro de Arte & ArquitecturaaAPRECIACION 2Tesauro de Arte & ArquitecturaaTEORIA 2Tesauro de Arte & ArquitecturaaARTE CONTEMPORANEO 2Tesauro de Arte & ArquitecturaaINGLATERRA 2ddcc1h709.05iR643fn0 c3529d3529 00102ddc3200340708RevistasaLVbLVd2023-05-03h76i003037l0o709.05 R643fp003037r2023-05-03 00:00:00w2023-05-03y1